000 00771nam a22002297a 4500
005 20250423120930.0
008 250423b |||||||| |||| 00| 0 eng d
020 _a9789361597251
040 _cAIMIT LIBRARY
082 _27
_a658.4006
_bJONG
100 _aJones, Gareth R.
_9208684
245 _aOrganizational theory design and change /
_cBy Gareth R Jones, Vishal Gupta and K V Gopakumar.
250 _a7th ed.
260 _aNew York :
_bPearson ,
_c2025.
300 _axxii,511p. ;
_bPB
_c28.3 cm
650 _aThe organization and its environment
_9208685
650 _aOrganizational design
_9208686
650 _aOrganizational change
_9208687
700 _aGupta, Vishal.
_9208688
700 _aGopakumar, K V.
_9208689
942 _2ddc
_cBK
_e7th
_k658.4006 JONG
999 _c234215
_d234215